| 000 | 00420cam a2200193 4500 | ||
|---|---|---|---|
| 001 | D12786 | ||
| 008 | 090401t1959 xxu||||| |||| 00| 0 eng d | ||
| 035 | _a(Sirsi) u5757 | ||
| 041 | _aeng | ||
| 100 | _aGale, C.J. | ||
| 245 | _aGale on easements | ||
| 250 | _a13th | ||
| 260 |
_bSweet and Maxwell _c1959 |
||
| 350 | _a0 | ||
| 520 | _aShelf 113 | ||
| 700 | _aBowles, Michael | ||
| 942 | _n0 | ||
| 948 | _c04/03/1997 | ||
| 999 |
_c86209 _d86209 |
||